Hello in 15 Languages - Statistics

General Stats
  • This quiz has been taken 3,710 times
    2,738 since last reset
  • The average score is 12 of 15
Answer Stats
Hint Language % Correct
Hello English
100%
Bonjour French
99%
Hola Spanish | Catalan
99%
Ciao Italian
94%
你好 Mandarin
93%
Hallo German | Dutch | Afrikaans
90%
こんにちは Japanese
90%
Привет Russian
90%
مرحبًا Arabic
88%
Olá Portuguese
83%
नमस्कार Hindi
70%
Γεια σας Greek
66%
Xin chào Vietnamese
59%
Merhaba Turkish
41%
Hujambo Swahili
35%
No matching quizzes found
Score Distribution
Percent of People with Each Score
Percentile by Number Answered
Your Score History
You have not taken this quiz since the last reset